[Event "ROM-ch U08"]
[Site "Calimanesti"]
[Date "2018.03.29"]
[Round "3"]
[White "Ungureanu, Stefan Radu"]
[Black "Danila, Tudor Gabriel"]
[Result "0-1"]
[WhiteElo "1010"]
[BlackElo "1095"]
[PlyCount "148"]
[EventDate "2018.03.27"]
[EventType "swiss"]
[EventRounds "9"]
[EventCountry "ROU"]
[SourceTitle "CBM 183 Extra"]
[Source "ChessBase"]
[SourceDate "2018.04.19"]
[SourceVersion "1"]
[SourceVersionDate "2018.04.19"]
[SourceQuality "1"]

1. e4 c5 2. Nf3 Nc6 3. Nc3 g6 4. d3 Bg7 5. Bf4 Nf6 6. Be2 0-0 7. 0-0 Re8 8. Qd2 d5 9. e5 Nh5 10. Bh6 Qc7 11. Nxd5 Qd8 12. Bxg7 Kxg7 13. c4 Be6 14. Nf4 Nxf4 15. Qxf4 Qb6 16. b3 Rad8 17. Qh4 Bf5 18. Ng5 Rh8 19. Qf4 Rhf8 20. Rad1 Nb4 21. Qh4 h6 22. Ne4 Nc6 23. Bf3 Rfe8 24. Rfe1 Nxe5 25. Re3 Nxf3+ 26. Rxf3 Bxe4 27. Qxe4 Qc7 28. Rh3 Rd4 29. Qe3 Qf4 30. g3 Qxe3 31. fxe3 Rd6 32. d4 Red8 33. Rh4 f5 34. Kg2 g5 35. Rh5 cxd4 36. c5 Rd5 37. Kf3 dxe3 38. Rxd5 Rxd5 39. Kxe3 Rxc5 40. b4 Rc2 41. Kd3 Rxa2 42. Kd4 Ra6 43. Ke5 Kg6 44. Rh3 g4 45. Rh4 Kg5 46. b5 Rb6 47. Kd5 Rxb5+ 48. Kc4 Rb6 49. Kc5 a5 50. Kxb6 a4 51. Kb5 a3 52. h3 a2 53. hxg4 a1Q 54. gxf5 Qe5+ 55. Kb4 Qxg3 56. Rc4 Qf4 57. Rxf4 Kxf4 58. Kc4 Kxf5 59. Kd3 b5 60. Kd2 b4 61. Kc2 h5 62. Kd2 h4 63. Ke2 b3 64. Kd2 h3 65. Kd1 h2 66. Kd2 h1Q 67. Kd3 Qh4 68. Kc3 Qe4 69. Kxb3 Qd4 70. Kc2 Qe3 71. Kd1 Qf2 72. Kc1 Ke4 73. Kd1 Kd3 74. Kc1 Qc2# 0-1

[Event "ROM-ch U08"]
[Site "Baile Felix"]
[Date "2017.02.07"]
[Round "7"]
[White "Ungureanu, Stefan Radu"]
[Black "Dimitriu, Filip"]
[Result "0-1"]
[WhiteElo "1001"]
[BlackElo "1010"]
[PlyCount "65"]
[EventDate "2017.02.02"]
[EventType "swiss"]
[EventRounds "9"]
[EventCountry "ROU"]
[SourceTitle "CBM 176 Extra"]
[Source "ChessBase"]
[SourceDate "2017.03.02"]
[SourceVersion "1"]
[SourceVersionDate "2017.03.02"]
[SourceQuality "1"]

1. e4 e5 2. Nf3 Nc6 3. Bc4 Nf6 4. Nc3 Bc5 5. 0-0 0-0 6. d3 h6 7. Be3 Bb6 8. Qd2 d6 9. h3 Be6 10. Bb3 Nd4 11. Bxd4 exd4 12. Ne2 Qd7 13. Bxe6 Qxe6 14. c3 dxc3 15. bxc3 Rad8 16. Rad1 Ba5 17. Rb1 d5 18. e5 Nd7 19. Rxb7 Qc6 20. Rxa7 Qb6 21. Rxa5 Qxa5 22. Rb1 f6 23. exf6 Nxf6 24. Nfd4 Rfe8 25. Nc6 Qa6 26. Nxd8 Rxd8 27. Rb4 c5 28. Rf4 g5 29. Rf5 Qe6 30. Rxf6 Qxf6 31. a3 Ra8 32. Qb2 Qa6 33. Nc1 0-1

[Event "ROM-ch U08"]
[Site "Baile Felix"]
[Date "2017.02.02"]
[Round "1"]
[White "Paraschiv, Calin Andrei"]
[Black "Ungureanu, Stefan Radu"]
[Result "1-0"]
[WhiteElo "1046"]
[BlackElo "1001"]
[PlyCount "43"]
[EventDate "2017.02.02"]
[EventType "swiss"]
[EventRounds "9"]
[EventCountry "ROU"]
[SourceTitle "CBM 176 Extra"]
[Source "ChessBase"]
[SourceDate "2017.03.02"]
[SourceVersion "1"]
[SourceVersionDate "2017.03.02"]
[SourceQuality "1"]

1. e4 e5 2. Nf3 Nc6 3. Bc4 Bc5 4. d3 h6 5. 0-0 Nf6 6. Nc3 0-0 7. Be3 Bb6 8. Re1 d6 9. Nd5 Nxd5 10. Bxd5 Nb4 11. h3 Nxd5 12. exd5 Bxe3 13. Rxe3 Re8 14. c4 c5 15. b4 b6 16. b5 Bd7 17. Rb1 Qc8 18. Re4 Bxh3 19. gxh3 Qxh3 20. Rh4 Qf5 21. Kf1 Qg6 22. Ke2 1-0